El mundo, américa latina, la argentina : desde fines del siglo xix hasta el presente /

Guardado en:
Autor Principal: Vázquez de Fernández, Silvia A.
Formato: Libro
Publicado: Buenos Aires : Kapelusz
Series:Sociedades
Materias:
Etiquetas: Agregar Etiqueta
Sin Etiquetas, Sea el primero en etiquetar este registro!
LEADER 01628nam a22002775a 4500
001 CEM.cems009724
005 20080218154940.0
008 130507b######################000#0#####d
003 CEMS
020 |a 9501325725 
082 0 4 |a Z982 
100 1 |a Vázquez de Fernández, Silvia A. 
245 1 0 |a El mundo, américa latina, la argentina :  |b desde fines del siglo xix hasta el presente /  |c Silvia Vázquez de Fernández 
260 |a Buenos Aires :  |b Kapelusz 
300 |a 372 p. 
490 0 |a Sociedades 
505 0 |a El mundo desde finales del siglo XIX hasta la Primera Guerra Mundial -- La Argentina y América Latina desde finales del siglo XIX hasta la Primera Guerra Mundial -- El mundo desde la Primera Guerra Mundial hasta la crisis de 1930 -- La Argentina y América Latina desde la Primera Guerra Mundial hasta la crisis de 1930 -- El mundo desde 1930 hasta mediados del siglo XX -- La Argentina y América Latina desde 1930 hasta mediados del siglo XX -- El mundo en la segunda mitad del siglo XX -- La Argentina y América Latina en la segunda mitad del siglo XX 
653 |a Historia 
653 |a Historia argentina 
859 |a CEMS  |b BIB. CEMS - 11 de abril  |h Z982  |i V443  |p 19994.98  |t Ej.1 
859 |a CEMS  |b BIB. CEMS - 11 de abril  |h Z982  |i V443  |p 20487.99  |t Ej.2 
859 |a CEMS  |b BIB. CEMS - 11 de abril  |h Z982  |i V443  |p 20508.99  |t Ej.3 
859 |a CEMS  |b BIB. CEMS - 11 de abril  |h Z982  |i V443  |p 20509.99  |t Ej.4 
859 |a CEMS  |b BIB. CEMS - 11 de abril  |h Z982  |i V443  |p 20514.99  |t Ej.5 
859 |a CEMS  |b BIB. CEMS - 11 de abril  |h Z982  |i V443  |p 23354.06  |t Ej.6 
859 |a CEMS  |b BIB. CEMS - 11 de abril  |h Z982  |i V443  |p 26235.11  |t Ej.7